2024/2025 Premier League Goalscorers: Gameweek 34 - Statistics

General Stats
  • This quiz has been taken 27 times
  • The average score is 19 of 30
Answer Stats
Fixture Club Score Goalscorer % Correct
Liverpool v Tottenham Liverpool 4-1 Mohamed Salah
92%
Arsenal v Crystal Palace Arsenal 2-1 Leandro Trossard
88%
Newcastle v Ipswich Newcastle 1-0 Alexander Isak
83%
Liverpool v Tottenham Tottenham 1-0 Dominic Solanke
83%
Wolves v Leicester Wolves 1-0 Matheus Cunha
83%
Liverpool v Tottenham Liverpool 3-1 Cody Gakpo
79%
Liverpool v Tottenham Liverpool 1-1 Luis Diaz
79%
Chelsea v Everton Chelsea 1-0 Nicolas Jackson
79%
Bournemouth v Manchester United Manchester United 1-1 Rasmus Hojlund
79%
Liverpool v Tottenham Liverpool 2-1 Alexis Mac Allister
75%
Arsenal v Crystal Palace Crystal Palace 2-2 Jean-Philippe Mateta
75%
Bournemouth v Manchester United Bournemouth 1-0 Antoine Semenyo
71%
Manchester City v Aston Villa Manchester City 1-0 Bernardo Silva
71%
Arsenal v Crystal Palace Crystal Palace 1-1 Eberechi Eze
71%
Wolves v Leicester Wolves 2-0 Jorgen Strand Larsen
71%
Manchester City v Aston Villa Aston Villa 1-1 Marcus Rashford
71%
Brighton v West Ham Brighton 2-2 Kaoru Mitoma
67%
Manchester City v Aston Villa Manchester City 2-1 Matheus Nunes
63%
Liverpool v Tottenham Tottenham (OG) 5-1 Destiny Udogie
58%
Newcastle v Ipswich Newcastle 2-0 Dan Burn
54%
Brighton v West Ham West Ham 1-1 Mohamed Kudus
54%
Brighton v West Ham Brighton 3-2 Carlos Baleba
50%
Arsenal v Crystal Palace Arsenal 1-0 Jakub Kiwior
50%
Southampton v Fulham Fulham 2-1 Ryan Sessegnon
50%
Southampton v Fulham Fulham 1-1 Emile Smith-Rowe
46%
Wolves v Leicester Wolves 3-0 Rodrigo Gomes
42%
Brighton v West Ham West Ham 2-1 Tomas Soucek
42%
Newcastle v Ipswich Newcastle 3-0 Will Osula
33%
Brighton v West Ham Brighton 1-0 Yasin Ayari
33%
Southampton v Fulham Southampton 1-0 Jack Stephens
29%
No matching quizzes found
Score Distribution
Percent of People with Each Score
Percentile by Number Answered
Your Score History
You have not taken this quiz